00745 2200229 4500001002100000005001700021008004100038035002400079082001000103090002100113100002400134245013600158260002800294300003000322500007200352500002800424650002400452850000900476985000600485986000900491999001500500YOGYA-0209000007245520090227093627.0 ind  0010-020900000072455 a658.3 a658.3bIst KlSK aISTIQOMAH, Agustina aKomputerisasi sistem pengolahan data bagian personalia perupustakaan Wilayah di Daerah Istimewa Yogyakartacoleh Agustina Istiqomah aYogyakartab[s.n]c1996 aviii,65lembarbilusc30cm aLaporan Kerja Praktek Fakultas Teknlogi Industri AKPRIND Yogyakarta aBibliografi:lembar [66] aPegawai - Manajemen aBPAD a1 aheru a08A0036507